000 00229nam a2200109Ia 4500
100 _aEdson/ Lec.
942 _cBK
654 _aManufactu
245 _aManufacturing -User manual Volume 2
260 _bEDS inc
546 _aENGLISH
999 _c34238
_d34238